<?xml version="1.0" encoding="UTF-8"?><?xml-stylesheet type="text/xsl" href="static/style.xsl"?><OAI-PMH xmlns="http://www.openarchives.org/OAI/2.0/" xmlns:xsi="http://www.w3.org/2001/XMLSchema-instance" xsi:schemaLocation="http://www.openarchives.org/OAI/2.0/ http://www.openarchives.org/OAI/2.0/OAI-PMH.xsd"><responseDate>2026-04-18T19:18:27Z</responseDate><request verb="GetRecord" identifier="oai:riubu.ubu.es:10259/5134" metadataPrefix="marc">https://riubu.ubu.es/oai/request</request><GetRecord><record><header><identifier>oai:riubu.ubu.es:10259/5134</identifier><datestamp>2022-04-26T11:42:10Z</datestamp><setSpec>com_10259_2699</setSpec><setSpec>col_10259_2701</setSpec></header><metadata><record xmlns="http://www.loc.gov/MARC21/slim" xmlns:doc="http://www.lyncode.com/xoai" xmlns:xsi="http://www.w3.org/2001/XMLSchema-instance" xmlns:dcterms="http://purl.org/dc/terms/" xsi:schemaLocation="http://www.loc.gov/MARC21/slim http://www.loc.gov/standards/marcxml/schema/MARC21slim.xsd">
<leader>00925njm 22002777a 4500</leader>
<datafield tag="042" ind1=" " ind2=" ">
<subfield code="a">dc</subfield>
</datafield>
<datafield tag="720" ind1=" " ind2=" ">
<subfield code="a">Pino García, Raquel del</subfield>
<subfield code="e">author</subfield>
</datafield>
<datafield tag="260" ind1=" " ind2=" ">
<subfield code="c">2016</subfield>
</datafield>
<datafield tag="520" ind1=" " ind2=" ">
<subfield code="a">Los orujos son los principales subproductos generados por la industria vitivinícola, suponiendo un problema medioambiental y de gestión en las bodegas. Sin embargo, estos residuos de vinificación presentan un gran potencial en el desarrollo de nutracéuticos e ingredientes funcionales alimentarios dada su elevada concentración de compuestos bioactivos derivados de la uva (polifenoles, fibra alimentaria y potasio). Por ello, la presente Tesis Doctoral se ha centrado en la revalorización de los orujos como sazonadores (una novedosa alternativa para su aprovechamiento), evaluando sus efectos saludables frente a la disfunción endotelial y las enfermedades asociadas al estrés oxidativo. Los resultados obtenidos en estudios in vitro, en cultivos celulares (HUVEC EA.hy926 y HT-29), y en modelos animales (suplementación aguda y durante 4 semanas) demuestran la biodisponibilidad de los nuevos sazonadores, principalmente del derivado de los hollejos, y sugieren su potencial beneficioso frente a la diabetes Tipo 1, la hipertensión esencial, y el cáncer colorrectal.</subfield>
</datafield>
<datafield tag="520" ind1=" " ind2=" ">
<subfield code="a">Wine pomace is the main by-product generated by the wine industry and poses both environmental and management problems for wineries. However, this winemaking residue has great potential for development of nutraceuticals and functional food ingredients due to its high concentration of grape-derived bioactive compounds (polyphenols, dietary fibre and potassium). Therefore, this PhD thesis has focused on the value-adding of wine pomace as powdered seasonings (a novel alternative for reusing this winery waste), evaluating their health effects against endothelial dysfunction and diseases associated with oxidative stress. The results obtained in studies in vitro, in cell cultures (HUVEC EA.hy926 and HT-29) and in animal models (after acute-and 4-week-supplementation) demonstrate the bioavailability of the new seasonings, mainly the one derived from seedless wine pomace, and evidence their potential beneficial effects against Type 1 diabetes, essential hypertension, and colorectal cancer.</subfield>
</datafield>
<datafield tag="024" ind2=" " ind1="8">
<subfield code="a">http://hdl.handle.net/10259/5134</subfield>
</datafield>
<datafield tag="024" ind2=" " ind1="8">
<subfield code="a">10.36443/10259/5134</subfield>
</datafield>
<datafield ind1=" " ind2=" " tag="653">
<subfield code="a">Orujos</subfield>
</datafield>
<datafield ind1=" " ind2=" " tag="653">
<subfield code="a">Polifenoles</subfield>
</datafield>
<datafield ind1=" " ind2=" " tag="653">
<subfield code="a">Estrés oxidativo</subfield>
</datafield>
<datafield ind1=" " ind2=" " tag="653">
<subfield code="a">Enfermedades cardiovasculares</subfield>
</datafield>
<datafield ind1=" " ind2=" " tag="653">
<subfield code="a">Cáncer colorrectal</subfield>
</datafield>
<datafield ind1=" " ind2=" " tag="653">
<subfield code="a">Wine pomace</subfield>
</datafield>
<datafield ind1=" " ind2=" " tag="653">
<subfield code="a">Polyphenols</subfield>
</datafield>
<datafield ind1=" " ind2=" " tag="653">
<subfield code="a">Oxidative stress</subfield>
</datafield>
<datafield ind1=" " ind2=" " tag="653">
<subfield code="a">Cardiovascular diseases</subfield>
</datafield>
<datafield ind1=" " ind2=" " tag="653">
<subfield code="a">Colorectal cancer</subfield>
</datafield>
<datafield tag="245" ind1="0" ind2="0">
<subfield code="a">Antioxidant and phenolic characterization, bioavailability and protective effects under oxidative stress and endothelial dysfunction of a red wine pomace seasoning (RWPS)</subfield>
</datafield>
</record></metadata></record></GetRecord></OAI-PMH>